al-Kindī, al-muʼarrikh. (Record no. 49396)
[ view plain ]
| 000 -LEADER | |
|---|---|
| fixed length control field | 00558cam a22002171 4500 |
| 001 - CONTROL NUMBER | |
| control field | ne 67000335 |
| 003 - CONTROL NUMBER IDENTIFIER | |
| control field | DLC |
| 005 - DATE AND TIME OF LATEST TRANSACTION | |
| control field | 20260227111829.0 |
| 008 - FIXED-LENGTH DATA ELEMENTS--GENERAL INFORMATION | |
| fixed length control field | 890619s1966 xx 000 0 ara |
| 010 ## - LIBRARY OF CONGRESS CONTROL NUMBER | |
| LC control number | ne 67000335 |
| 035 ## - SYSTEM CONTROL NUMBER | |
| System control number | (OCoLC)23484072 |
| 040 ## - CATALOGING SOURCE | |
| Original cataloging agency | DLC |
| Transcribing agency | MiU |
| Modifying agency | DLC |
| 042 ## - AUTHENTICATION CODE | |
| Authentication code | premarc |
| 050 00 - LIBRARY OF CONGRESS CALL NUMBER | |
| Classification number | DT76.9.K5 |
| Item number | M3 |
| 100 1# - MAIN ENTRY--PERSONAL NAME | |
| Personal name | Maḥmūd, Ḥasan Aḥmad |
| 245 13 - TITLE STATEMENT | |
| Title | al-Kindī, al-muʼarrikh. |
| 260 ## - PUBLICATION, DISTRIBUTION, ETC. | |
| Date of publication, distribution, etc. | [1966] |
| 300 ## - PHYSICAL DESCRIPTION | |
| Extent | 206 p. |
| Dimensions | 20 cm. |
| 500 ## - GENERAL NOTE | |
| General note | Romanized. |
| 600 10 - SUBJECT ADDED ENTRY--PERSONAL NAME | |
| Personal name | Kindī, Abū ʻUmar Muḥammad ibn Yūsuf, |
| Dates associated with a name | 897-961. |
No items available.